[Event "Rostock op"]
[Site "Rostock"]
[Date "2009.08.29"]
[Round "6"]
[White "Schreiber, Nico"]
[Black "Feilcke, Samuel"]
[Result "1-0"]
[WhiteElo "1844"]
[BlackElo "941"]
[PlyCount "61"]
[EventDate "2009.08.27"]
[EventType "swiss"]
[EventRounds "7"]
[EventCountry "GER"]
[SourceTitle "CBM 132 Extra"]
[Source "ChessBase"]
[SourceDate "2009.11.03"]
[SourceVersion "1"]
[SourceVersionDate "2009.11.03"]
[SourceQuality "1"]

1. d4 d5 2. Bf4 Nf6 3. e3 Bf5 4. c4 c6 5. Nc3 e6 6. c5 b6 7. b4 Nbd7 8. Bd3 Bxd3 9. Qxd3 Nh5 10. Nge2 Nxf4 11. Nxf4 e5 12. Nfe2 g6 13. 0-0 Bg7 14. e4 exd4 15. Nxd4 bxc5 16. Nxc6 Qf6 17. Qxd5 Qxc3 18. Rad1 0-0 19. Qxd7 cxb4 20. Rc1 Qa3 21. Qd5 a5 22. e5 Rfe8 23. Rfe1 Re6 24. Ne7+ Rxe7 25. Qxa8+ Bf8 26. Rc8 Kg7 27. Rxf8 Rxe5 28. Rg8+ Kh6 29. Rd1 Qd3 30. Qf8+ Kh5 31. g4+ 1-0